Cultura citizenship and democracy: changing discourses and parctices of the Latin American Left /
La autora hace una aproximación a los cambios que ha experimentado la izquierda latinoamericana en un largo proceso de renovación, enfocando la relación entre cultura y política mediante aportes teóricos entorno a nuevas conceptualizaciones de democracia y ciudadanía. La autora sugiere que el énfasi...
Đã lưu trong:
| Tác giả chính: | |
|---|---|
| Định dạng: | Texto |
| Những chủ đề: | |
| Các nhãn: |
Thêm thẻ
Không có thẻ, Là người đầu tiên thẻ bản ghi này!
|
MARC
| LEADER | 00000 a a2200000 04500 | ||
|---|---|---|---|
| 001 | 40101 | ||
| 003 | |||
| 040 | |||
| 100 | |a Dagnino, Evelima | ||
| 245 | |a Cultura citizenship and democracy: |b changing discourses and parctices of the Latin American Left / |c Evelima Dagnino | ||
| 520 | |a La autora hace una aproximación a los cambios que ha experimentado la izquierda latinoamericana en un largo proceso de renovación, enfocando la relación entre cultura y política mediante aportes teóricos entorno a nuevas conceptualizaciones de democracia y ciudadanía. La autora sugiere que el énfasis en el cambio cultural como estrategia de los movimientos sociales no está confinado a la sociedad civil sino también extendido en el estado y la política institucionalizada. | ||
| 590 | |a RRA/SETIEMBRE2010 | ||
| 650 | |a 1.IZQUIERDA | ||
| 650 | |a 2.MOVIMIENTOS SOCIALES | ||
| 650 | |a 3.DEMOCRACIA | ||
| 650 | |a 4.CULTURA | ||
| 650 | |a 5.AMERICA LATINA | ||
| 773 | |g páginas 33-63 | ||
| 999 | |c 28250 |d 28250 | ||
